Married and single life (Бичлэгийн дугаар. 145842)
| 000 -УДИРДЛАГА | |
|---|---|
| Удирдлага | 00881nam a22003137a 4500 |
| 003 - ХЯНАЛТЫН ТОО ТОДОРХОЙЛОГЧ | |
| Код | MN-UlNUM |
| 005 - БИЧИЛТ ХИЙСЭН ОГНОО | |
| Тухайн бичилтийг бичсэн засварласан сүүлийн огноо | 20251204094034.0 |
| 008 - ЕРӨНХИЙ МЭДЭЭЛЭЛ | |
| Ерөнхий мэдээлэл | 251204s1992 ilua|j|| |||| 00| 0 eng | |
| 020 ## - ISBN | |
| ISBN | 0026760517 |
| 040 ## - БИЧЛЭГ ҮҮСГЭГЧ БАЙГУУЛЛАГА | |
| Бичлэг үүсгэгч номын сангийн код | МУИС-ийн номын сан |
| 084 ## - ББК АНГИЛАЛ | |
| Нэмэлт тусгалт | Гарын авлага |
| ББК ангилал | 60.56 |
| Зохиогчийн гурван тэмдэгт | R 57 |
| Мэдлэгийн ялгаа | 6 - Нийгэм |
| 100 1# - ЗОХИОГЧ | |
| Зохиогчийн нэр | Riker, Audrey Palm. |
| 245 10 - ҮНДСЭН ГАРЧИГ | |
| Номын нэр | Married and single life |
| Оролцогчдын тухай мэдээ | Audrey Palm Riker, Holly E. Brisbane ; Charles Riker, consulting editor. |
| 250 ## - ДАХИН ХЭВЛЭЛТ | |
| Дахин гаралтын дугаар | fifth edition |
| 260 ## - ГАРАЛТЫН МЭДЭЭ | |
| Хэвлэгдсэн газар | Peoria, Ill. : |
| Хэвлэлийн газар | Bennett Pub. Co., |
| Хэвлэгдсэн он | 1992. |
| 300 ## - МАТЕРИАЛЫН ТОДОРХОЙЛОЛТ | |
| хуудасны тоо | 480p. : |
| Бусад тоон мэдээлэл | ill. (some col.) ; |
| Хэмжээ | 24 cm. |
| 500 ## - Тайлбар | |
| Дансны дугаар | БС 4517 |
| 546 ## - ХЭЛНИЙ ТУХАЙ МЭДЭЭ | |
| Хэл | Англи хэл дээр, |
| 653 ## - Түлхүүр үг | |
| Түлхүүр үг | married |
| 653 ## - Түлхүүр үг | |
| Түлхүүр үг | family life education |
| 653 ## - Түлхүүр үг | |
| Түлхүүр үг | single people |
| 740 ## - НОМЫН ГАРЧИГ | |
| Гарчиг | Your Personality |
| 740 ## - НОМЫН ГАРЧИГ | |
| Гарчиг | Your Development |
| 740 ## - НОМЫН ГАРЧИГ | |
| Гарчиг | Your Character |
| 740 ## - НОМЫН ГАРЧИГ | |
| Гарчиг | Your Health |
| 740 ## - НОМЫН ГАРЧИГ | |
| Гарчиг | Your Future |
| 942 ## - ЭЛЕМЕНТИЙН ТӨРӨЛ | |
| Зүйлийн төрөл | Ном |
